000 00291nam a22001337a 4500
008 181022b xxu||||| |||| 00| 0 eng d
020 _a9780791089231
041 _aeng
080 _a341
100 _a16
101 _aJUR
245 _aForensic Dna Analysis
_cLevine.L
942 _2udc
_cBK
999 _c50388
_d50388